La Huella del Asháninka / (Record no. 23361)

000 -CABECERA
fixed length control field 00934nam a22002417i 4500
003 - IDENTIFICADOR DEL NÚMERO DE CONTROL
control field AR-CdUCM
008 - DATOS DE LONGITUD FIJA--INFORMACIÓN GENERAL
fixed length control field 250818b20202020 pe||||| |||| 00| 0 spa d
040 ## - FUENTE DE LA CATALOGACIÓN
Agencia/entidad que catalogó originalmente la obra MUNICIPALIDAD PROVINCIAL DEL CUSCO
Entidad que transcribió la catalogación BIBLIOTECA MUNICIPAL DEL CUSCO
082 ## - NÚMERO DE LA CLASIFICACIÓN DECIMAL DEWEY
No. de Clasificación 301.6 / E92
Notacion interna E92
100 ## - ENTRADA PRINCIPAL--NOMBRE DE PERSONA
Nombre Personal Estumbelo Aller, Fredy
245 ## - MENCIÓN DE TÍTULO
Título La Huella del Asháninka /
260 ## - PUBLICACIÓN, DISTRIBUCIÓN, ETC.
Lugar de publicación, distribución, etc. Quillabamba-Cusco :
Nombre de la editorial, distribuidor, etc. Universidad Nacional Intercultural de Quillabamba
Fecha de publicación, distribución, etc. 2020
300 ## - DESCRIPCIÓN FÍSICA
Nº de Páginas Extensión 158 páginas. :
Dimensiones 30x20 cm.
505 ## - NOTA DE CONTENIDO CON FORMATO
Nota de contenido formateada Reseña histórica -- Los clanes -- La tierra que no pisará el niño -- La alimentación -- El masato -- Caza y pesca -- Viviendo con dos esposas -- El piri piri -- Kamarampi o Ayahuasca
650 ## - PUNTO DE ACCESO ADICIONAL DE MATERIA--TÉRMINO DE MATERIA
Descriptor Historia
9 (RLIN) 51364
650 ## - PUNTO DE ACCESO ADICIONAL DE MATERIA--TÉRMINO DE MATERIA
Descriptor La alimentacion
9 (RLIN) 51365
650 ## - PUNTO DE ACCESO ADICIONAL DE MATERIA--TÉRMINO DE MATERIA
Descriptor Masato
9 (RLIN) 51366
650 ## - PUNTO DE ACCESO ADICIONAL DE MATERIA--TÉRMINO DE MATERIA
Descriptor Casería de huanganas
9 (RLIN) 51367
650 ## - PUNTO DE ACCESO ADICIONAL DE MATERIA--TÉRMINO DE MATERIA
Descriptor La muerte
9 (RLIN) 51368
942 ## - ELEMENTOS DE PUNTO DE ACCESO ADICIONAL (KOHA)
Fuente de clasificación
Tipo de item Libros-BMC
945 ## - PROCESAMIENTO DE INFORMACIÓN LOCAL (OCLC)
Catalogador pbjr
AAAA-MM-DD - Fecha de ingreso o modificacion 18-08-2025
Holdings
Estado de retiro (separado) Fuente de clasificación o esquema de estanterías Estado dañado Ubicación Sala donde se ubica Nombre de la colección Fecha de adquisición o compra Fuente de adquisición Costo, precio normal en soles Signatura topográfica Código de Barras Última vez visto (Koha) Tipo de ítem (Koha)
No     Sala Humanidades Sala Humanidades Book Cart 2025-08-18 Depósito legal 20.00 301.6 / E92 SH0000016971 2025-08-18 Libros-BMC

Powered by Koha